Druhy stómií a ich komplikácie

Bibliographic Details
Main Author: Lúčan, Jaroslav (Author)
Format: Article
Language:Slovak
PhysicalDescription:Fotogr.
ISSN:1336-2208
Subjects:

MARC

LEADER 00000nab a2200000 ar4500
001 vtls008957260
003 SK-MaSNL
005 20260303070950.0
008 070320c2007 xo |||| | | 000 b|slo
015 |a SNBRB2007/03  |2 snkbucl 
038 |a SNKBUCL 
040 |a SNKBUCL  |b slo  |c SNKBUCL  |e AACR2 
041 0 |a slo 
044 |a xo  |c SK 
080 |a 616-089.86  |2 1997 
100 1 |a Lúčan, Jaroslav  |4 aut  |9 809656 
245 1 0 |a Druhy stómií a ich komplikácie  |c Jaroslav Lúčan 
300 |b Fotogr. 
650 0 7 |a stómia  |2 snkbucl  |9 19077 
773 0 |t Humanita  |g Roč. XVI, č. 1 (2007)  |x 1336-2208 
773 0 8 |i Príl.:  |t Humanita plus  |g Č. 1 (2007), s. 4 
852 |a SNK  |b KIS3GCP 
958 |a MI 
999 |c 1757736  |d 1759666